Geography Spelling - Sudden Death - Statistics

General Stats
  • This quiz has been taken 7,397 times
    2,658 since last reset
  • The average score is 4 of 14
Answers on the Grid
Answers color-coded by a green-red scale on the quiz's grid according to % correct below.
Columbia
Azerbaijan
Kazhakstan
Lichtenstein
Guinea-Bissau
Maledives
Antanarivo
Yaunde
Yamoussoukro
Andora
Phillippines
Bander Seri Begawan
Port Moresby
Rwanda
Guayana
Lybia
Kyiv
Port Luis
Sri Jayawardenepura Kotte
Afghanistan
Quatar
Tiblisi
Antigua and Bermuda
Finnland
Yerevan
Djibouti
Algier
Nuku'alofa
Kiribas
Brazzaville
Dhakar
Siera Leone
Mozambique
Reykyavik
Tegucigalpa
 
Answer Stats
Answer % Correct
Azerbaijan
76%
Guinea-Bissau
54%
Rwanda
39%
Afghanistan
33%
Kyiv
32%
Djibouti
30%
Mozambique
27%
Port Moresby
22%
Yamoussoukro
21%
Yerevan
19%
Brazzaville
16%
Sri Jayawardenepura Kotte
15%
Tegucigalpa
15%
Nuku'alofa
12%
No matching quizzes found
Score Distribution
Percent of People with Each Score
Percentile by Number Answered
Your Score History
You have not taken this quiz since the last reset